Quantitative techniques (Record no. 2089)
[ view plain ]
| 000 -LEADER | |
|---|---|
| fixed length control field | 00426nam a2200181Ia 4500 |
| 001 - CONTROL NUMBER | |
| control field | 1779 |
| 008 - FIXED-LENGTH DATA ELEMENTS--GENERAL INFORMATION | |
| fixed length control field | 140313s9999 xx 000 0 und d |
| 020 ## - INTERNATIONAL STANDARD BOOK NUMBER | |
| International Standard Book Number | 1873981988 |
| 040 ## - CATALOGING SOURCE | |
| Transcribing agency | PK-LaUMT |
| 082 ## - DEWEY DECIMAL CLASSIFICATION NUMBER | |
| Classification number | 657.076 |
| Item number | LUC-Q |
| 100 ## - MAIN ENTRY--PERSONAL NAME | |
| Personal name | T.Lucey |
| 245 ## - TITLE STATEMENT | |
| Title | Quantitative techniques |
| Statement of responsibility, etc | T.Lucey |
| 250 ## - EDITION STATEMENT | |
| Edition statement | 4th |
| 260 ## - PUBLICATION, DISTRIBUTION, ETC. (IMPRINT) | |
| Place of publication, distribution, etc | London,UK: |
| Name of publisher, distributor, etc | English Language Book Society, |
| Date of publication, distribution, etc | 1992 |
| 300 ## - PHYSICAL DESCRIPTION | |
| Extent | 531 p. |
| 546 ## - LANGUAGE NOTE | |
| Language note | EN |
| 942 ## - ADDED ENTRY ELEMENTS (KOHA) | |
| Koha item type | Books |
| Withdrawn status | Lost status | Damaged status | Not for loan | Home library | Current library | Date acquired | Total Checkouts | Full call number | Barcode | Date last seen | Price effective from | Koha item type |
|---|---|---|---|---|---|---|---|---|---|---|---|---|
| UMT Main Campus | UMT Main Campus | 2014-03-13 | 657.076 LUC-Q | 1460 | 2014-03-13 | 2014-03-13 | Books |
